000 00374pab a2200145 454500
008 180718b1999 xxu||||| |||| 00| 0 eng d
100 _aMehra, Vikas
245 _aCrisis in the financial sector: Japan's banking system under microscope
260 _c1999
300 _ap.1-10
650 _aBanks - Japan
650 _aBanks
773 _aBusiness Review
909 _a41855
999 _c41855
_d41855